00000000nam 2200000zi 4500
0019.949794
003CaOODSP
00520250708102817
006m     o  d f      
007cr cn|||||||||
008250403t20252025onc     ob   f000 0 fre d
020 |a9780660768229
040 |aCaOODSP|bfre|erda|cCaOODSP
043 |an-cn---
0861 |aBT22-226/13-2025F-PDF
24500|aDirective sur le télétravail.
264 1|aOttawa, Ontario : |bSecrétariat du Conseil du trésor du Canada = Treasury Board of Canada Secretariat, |c2025.
264 4|c©2025
300 |a1 ressource en ligne (18 pages non numérotées)
336 |atexte|btxt|2rdacontent/fre
337 |ainformatique|bc|2rdamedia/fre
338 |aressource en ligne|bcr|2rdacarrier/fre
500 |aTitre de la couverture.
500 |aPublié aussi en anglais sous le titre : Directive on telework.
500 |a« Publié : le 2025-03-24. »
504 |aComprend des références bibliographiques (pages [8-9]).
650 6|aTélétravail|xPolitique gouvernementale|zCanada.
7101 |aCanada. |bConseil du trésor, |eorganisme de publication.
77508|tDirective on telework.|w(CaOODSP)9.949792
795 |tDirective sur le télétravail. |b[2023]|w(CaOODSP)9.926713
85640|qPDF|s257 Ko|uhttps://publications.gc.ca/collections/collection_2025/sct-tbs/BT22-226-13-2025-fra.pdf
8564 |qHTML|sS.O.|uhttps://www.tbs-sct.canada.ca/pol/doc-fra.aspx?id=32636